banner-ar

الملاحة عند العرب / (Record no. 63274)

MARC details
000 -الفاتح
حقل البيانات ثابتة الطول 00992nam a22002537a 4500
005 - وقت وتاريخ اخر تعامل مع التسجيلة
رقم الضبط 20240530110632.0
008 - عناصر البيانات ثابتة الطول - معلومات عامة
حقل البيانات ثابتة الطول 170711s2014 ua g 000 0 ara d
017 ## - رقم الايداع القانونى
رقم الايداع القانونى 2013/14032
المصدر ( الهيئة المختصة) مصر . دار الكتب المصرية
020 ## - الرقم الدولى المعيارى للكتب
الرقم الدولى المعيارى للكتاب 9789774484551
040 ## - مصدر الفهرسة
وكالة الفهرسة الأصلية EG-CaGPL
082 04 - رقم تصنيف ديوى العشرى
رقم الطبعة 21
رقم التصنيف 623.89 \
رقم المادة س م
100 0# - المدخل الرئيسى - إسم شخصى
الإسم الشخصى سيد سليمان الندوى
الدور مؤلف
245 12 - بيان العنوان
العنوان الملاحة عند العرب /
بيان المسئوليه,etc تأليف سيد سليمان الندوى ؛ ترجمة جلال السعيد احفناوى
250 ## - بيان الطبعة
بيان الطبعة ط 1
260 ## - PUBLICATION, DISTRIBUTION, ETC. (IMPRINT)
تاريخ النشر أو التوزيع 2014
300 ## - الوصف المادى
التعداد 144 ص ؛
أبعاد الوعاء 24 سم
490 0# - بيان السلسلة
عنوان السلسلة المركز القومي للترجمة ؛
رقم المجلد/ التعيين التسلسلي 2071
504 ## - تبصرة ببليوجرافية
تبصرة ببليوجرافية,الخ يشتمل علي ارجاعات ببلوجرافية
650 07 - المدخل الاضافى بالموضوع-مصطلح موضوعى
مصطلح موضوعي الملاحة
650 07 - المدخل الاضافى بالموضوع-مصطلح موضوعى
مصطلح موضوعي الملاحة عند العرب
700 0# - المدخل الاضافى - اسم شخصى
الإسم الشخصى جلال السعيد الحفناوي
الدور مترجم
942 ## - عناصر المدخل الإضافي( كوها)
مصدر التصنيف او مخطط الترفيف Dewey Decimal Classification
Koha [default] item type كتاب
260 ## - PUBLICATION, DISTRIBUTION, ETC. (IMPRINT)
-- القاهرة :
-- المركز القومي للترجمة ،
Holdings
حالة التراجع حالة الفقد حالة تلف ليس للاعارة المكان المؤقت الموقع الحالى موقع الترفيف تاريخ الاكتساب اجمالي اﻻعارات رقم الطلب الباركود تاريخ اخر مشاهدة تاريخ تفعيل السعر نوع وعاء كوها
        مكتبة القاهرة الكبرى مكتبة القاهرة الكبرى   09/10/2017   623.89 \ س م 163250 09/10/2017 09/10/2017 كتاب

Powered By

EGPV